Geology of India (Record no. 85831)
[ view plain ]
| 000 -LEADER | |
|---|---|
| fixed length control field | 00634cam a2200229 4500 |
| 001 - CONTROL NUMBER | |
| control field | sa 68014491 |
| 003 - CONTROL NUMBER IDENTIFIER | |
| control field | DLC |
| 005 - DATE AND TIME OF LATEST TRANSACTION | |
| control field | 20260227112632.0 |
| 008 - FIXED-LENGTH DATA ELEMENTS--GENERAL INFORMATION | |
| fixed length control field | 700210s1968 ii ab 00110 eng |
| 010 ## - LIBRARY OF CONGRESS CONTROL NUMBER | |
| LC control number | sa 68014491 //r89 |
| 025 ## - OVERSEAS ACQUISITION NUMBER | |
| Overseas acquisition number | PL480:I-E-10917 |
| 040 ## - CATALOGING SOURCE | |
| Modifying agency | ICU |
| 050 0# - LIBRARY OF CONGRESS CALL NUMBER | |
| Classification number | QE295 |
| Item number | .D49 |
| 082 ## - DEWEY DECIMAL CLASSIFICATION NUMBER | |
| Classification number | 555.4 |
| 100 10 - MAIN ENTRY--PERSONAL NAME | |
| Personal name | Dey, A. K. |
| Fuller form of name | (Abani Kumar), |
| Dates associated with a name | 1901- |
| 245 10 - TITLE STATEMENT | |
| Title | Geology of India |
| Statement of responsibility, etc. | [by] A. K. Dey. |
| 260 0# - PUBLICATION, DISTRIBUTION, ETC. | |
| Place of publication, distribution, etc. | New Delhi, |
| Name of publisher, distributor, etc. | National Book Trust, India |
| Date of publication, distribution, etc. | [1968] |
| 300 ## - PHYSICAL DESCRIPTION | |
| Extent | x, 178 p. |
| Other physical details | illus. (part col.), maps. |
| Dimensions | 21 cm. |
| 350 ## - PRICE (NR) (BK AM CF MU VM SE) [OBSOLETE] | |
| Price | 8.50 |
| 440 #0 - SERIES STATEMENT/ADDED ENTRY--TITLE | |
| Title | India, the land and people |
| 650 #0 - SUBJECT ADDED ENTRY--TOPICAL TERM | |
| Topical term or geographic name entry element | Geology |
| Geographic subdivision | India. |
No items available.